[Event "Monastir zt 4.1"]
[Site "Monastir"]
[Date "2022.03.14"]
[Round "2"]
[White "Ben Ammar, Mohamed"]
[Black "Ben Hamouda, Mohamed Aymen"]
[Result "1-0"]
[WhiteElo "2173"]
[BlackElo "1509"]
[PlyCount "69"]
[EventDate "2022.03.13"]
[EventType "swiss"]
[EventRounds "9"]
[EventCountry "TUN"]
[SourceTitle "EXT 2023"]
[Source "ChessBase"]
[SourceDate "2022.10.05"]
[SourceVersion "1"]
[SourceVersionDate "2022.10.05"]
[SourceQuality "1"]

1. d4 d5 2. c4 e6 3. Nc3 Nf6 4. cxd5 exd5 5. Bg5 Be7 6. e3 c6 7. Qc2 Nbd7 8. Bd3 0-0 9. Nge2 Re8 10. 0-0 Nf8 11. f3 g6 12. Rad1 Ne6 13. Bh4 Ng7 14. e4 dxe4 15. fxe4 Ng4 16. Bxe7 Qxe7 17. Qc1 f5 18. e5 Qh4 19. h3 Nh6 20. Qf4 Qxf4 21. Nxf4 g5 22. Bc4+ Kh8 23. Nd3 Be6 24. d5 cxd5 25. Bxd5 Rad8 26. Bxe6 Nxe6 27. Nb5 a6 28. Nd6 Re7 29. Nb4 Rc7 30. Rc1 Rxc1 31. Rxc1 Kg7 32. Nd5 f4 33. Nc7 Nd4 34. Rd1 Rd7 35. Rxd4 1-0

[Event "TUN-ch U18"]
[Site "Monastir"]
[Date "2021.09.03"]
[Round "5"]
[White "Ben Hamouda, Mohamed Aymen"]
[Black "Neggaz, Louey"]
[Result "1-0"]
[WhiteElo "1451"]
[BlackElo "1347"]
[PlyCount "39"]
[EventDate "2021.09.01"]
[EventType "swiss"]
[EventRounds "9"]
[EventCountry "TUN"]
[SourceTitle "EXT 2023"]
[Source "ChessBase"]
[SourceDate "2022.10.05"]
[SourceVersion "1"]
[SourceVersionDate "2022.10.05"]
[SourceQuality "1"]

1. e4 d6 2. d4 Nf6 3. Nc3 c6 4. f4 Nbd7 5. Nf3 Qc7 6. e5 Nd5 7. Nxd5 cxd5 8. e6 fxe6 9. Bd3 e5 10. fxe5 dxe5 11. Ng5 Nf6 12. 0-0 Bd7 13. dxe5 Ng4 14. Kh1 Qxe5 15. Bf4 Qf6 16. Be2 h5 17. Qxd5 Bc6 18. Qb3 e5 19. Be3 Qe7 20. Rf7 1-0